• 首页
  • 本馆介绍
  • 公告通知
  • 最新文献
  • 馆藏检索
  • 电子资源
  • 读者导购
  • 参考咨询
  • 我的图书馆
  • 登录
  • 详细信息显示
  • 放入我的书架
  • 预约/预借图书
  • 作者相关作品
  • 分类相关作品
  • 丛书相关作品
  • 出版社相关作品

书目信息

  • 表格格式
  • 工作单格式
  • 卡片格式
题名:
新编国际货物运输与保险
    
 
作者: 应世昌 编著
分册:  
出版信息: 北京   首都经济贸易大学出版社  2006
页数: 341页
开本: 24cm
丛书名:
单 册:
中图分类: F511.41 , F840.63
科图分类:
主题词: 国际运输--货物运输--运输保险--高等学校--教材 , 国际运输 , 国际运输--货物运输--高等学校--教材 , 运输保险 , 货物运输
电子资源:
ISBN: 7-5638-1374-8
000 01159nam0 2200301 450
001 003328610
005 20070803111016.04
010    @a7-5638-1374-8@dCNY29.00
100    @a20060529d2006 em y0chiy0110 ea
101 0  @achi@eeng
102    @aCN@b110000
105    @ay z 000yy
200 1  @a新编国际货物运输与保险@9xin bian guo ji huo wu yun shu yu bao xian@dInternational cargo transportation & insurance(new edition)@f应世昌编著@zeng
210    @a北京@c首都经济贸易大学出版社@d2006
215    @a341页@d24cm
300    @a高等院校经济与管理核心课经典系列教材 国际经济与贸易专业
330    @a本书叙述国际货物运输的理论及实务,详细讨论相关的国际公约、规则和惯例;讲解国际货物运输保险的内容,着重对中英两国货物运输保险条款进行比较分析。
510 1  @aInternational cargo transportation & insurance(new edition)@zeng
606 0  @a国际运输@x货物运输@x运输保险@x高等学校@j教材
606 0  @a国际运输
606 0  @a国际运输@x货物运输@x高等学校@j教材
606 0  @a运输保险
606 0  @a货物运输
690    @aF511.41@v4
690    @aF840.63@v4
701  0 @a应世昌@9ying shi chang@4编著
801  0 @aCN@bNLC@c20070803
905    @a10447@dF511.41@e8
    
    新编国际货物运输与保险=International cargo transportation & insurance(new edition)/应世昌编著.-北京:首都经济贸易大学出版社,2006
    341页;24cm
    高等院校经济与管理核心课经典系列教材 国际经济与贸易专业
    
    ISBN 7-5638-1374-8:CNY29.00
    本书叙述国际货物运输的理论及实务,详细讨论相关的国际公约、规则和惯例;讲解国际货物运输保险的内容,着重对中英两国货物运输保险条款进行比较分析。
●
相关链接 在E读中查询图书 在五车中查询图书 在当当中查询图书 在豆瓣中查询图书


正题名:新编国际货物运输与保险     索取号:F511.41/8         预约/预借

序号 登录号 条形码 馆藏地/架位号 状态 备注
1 0801450   208014502   第一样本阅览室/ [索取号:F511.41/8] 在馆    
2 0801451   208014511   第一借阅区/ [索取号:F511.41/8] 在馆    
3 0801452   208014520   第一借阅区/ [索取号:F511.41/8] 在馆    
4 0801453   208014539   第一借阅区/ [索取号:F511.41/8] 在馆    
5 0801454   208014548   第一借阅区/ [索取号:F511.41/8] 在馆    
6 0801455   208014557   第一借阅区/ [索取号:F511.41/8] 在馆    
7 0801456   208014566   第一借阅区/ [索取号:F511.41/8] 在馆    
8 0801457   208014575   第一借阅区/ [索取号:F511.41/8] 在馆    
唐山师范学院图书馆 欢迎您!
大连网信软件有限公司© 版权所有